| 000 | 00495nam a22001697a 4500 | ||
|---|---|---|---|
| 999 |
_c2769 _d2769 |
||
| 005 | 20181018134635.0 | ||
| 008 | 181018b ||||| |||| 00| 0 eng d | ||
| 020 | _a1852403179 | ||
| 040 | _cDLC | ||
| 082 |
_a220.6 _bB4711B |
||
| 100 | _aBennett, Geoff | ||
| 245 |
_aThe Bible:Dig A Little Deeper; _bA Guide To Accurately Interpreting The Word Of God _cGeoff Bennett |
||
| 260 |
_aEngland _bSovereign World _c2002 |
||
| 300 | _a125p,; | ||
| 650 |
_aBible-Interpretation _xBible |
||
| 942 |
_2ddc _cBK |
||